000 00629nam a2200229Ia 4500
003 OSt
005 20220926042854.0
006 a|||||r|||| 00| 0
007 ta
008 220923b |||||||| |||| 00| 0 eng d
037 _cGeneral Book
040 _aRTL
_cRTL
_beng
041 _2eng
_aeng
082 _aX652, K1
100 _aLoll Leo M.
_9346864
245 0 _aOver the counter securities markets
_b A review gui
260 _c1961
650 _aSecurities
_9218696
700 _a Buckley Julian G.
_9346865
942 _hX652, K1
_cGB
_2CC
999 _c670770
_d670770